02089cam a22003618i 450000100090000000300040000900500170001300600190003000700150004900800410006401000170010502000180012204000230014004200080016305000110017108200150018210000390019724500710023625000180030726300090032526400330033430000130036733600090038050400510038952007650044058801030120565000380130877601420134690600450148894200360153395201410156999900170171021330676OSt20230715135849.0m |o d | cr |||||||||||191204s2019 nju ob 001 0 eng  a 2019040620 z9789354247170 aDLCbengcDLCerda apcc00aHF141100a337bSAL/I aSalvatore, Dominick eauthor.945910aInternational economics /cDominick Salvatore, Fordham University. a13th edition. a1911 1aHoboken, NJ :bWiley,c2021. a660pages atext aIncludes bibliographical references and index. a"This is the 13th edition of a text that has enjoyed a flattering market success, having been adopted by more than 700 colleges and universities throughout the United States, Canada, and other English-speaking countries. The text has also been translated into Chinese, French, Greek, Indonesian, Italian, Korean, Polish, Portuguese (Brazilian), Serbian, Spanish, Russian, and other languages. All of the features that have made the previous editions of this text, one of the leading texts of International Economics in the United States and around the world, have been retained in the 12th edition. However, the content has been thoroughly updated and expanded to include many new significant topics and important recent developments"--cProvided by publisher. aDescription based on print version record and CIP data provided by publisher; resource not viewed. 0aInternational economic relations.08iPrint version:aSalvatore, Dominick.tInternational economicsb13th edition.dHoboken, NJ : Wiley, 2019.z9781119554929w(DLC) 2019040619 a7bcbccorignewd1eecipf20gy-gencatlg 2ddccBKh337iSAL/Ik337mSAL/I 00102ddc40708TOURISMaMESbMEScTOURISM d2023-07-15g739.26l0o337 SAL/Ip42067r2023-07-24 12:29:45v999.00w2023-07-15yBKzU2R1 c41843d41843